00236nam a2200109Ia 4500008004100000041001200041082001100053100001400064245003600078260000600114650000600120221030s9999 xx 000 0 und d aEnglish a105.23 aP. C. Sen 0aPower Electronicscby P. C. Sen c0 aB